A Constituição da República Portuguesa trocada por [para] miúdos (Registo nº 909)
[ vista simples ]
| 000 -Etiqueta do registo | |
|---|---|
| Cabeçalho | 00820nam0a2200301 i 4500 |
| 005 - Identificador da versão | |
| Campo de controlo | 20240813121818.0 |
| 010 ## - Número internacional normalizado dos livros (ISBN) | |
| Número (ISBN) | 9725562887 |
| 021 ## - Número do Depósito Legal | |
| Código do país | PT |
| Número | 164011/01 |
| 035 ## - Other System Control Numbers | |
| System Control Number | 0000971 |
| System Control Number | 0000956 |
| 100 ## - Dados gerais de processamento | |
| Dados gerais de processamento | 20091012d 2003a y0pory5003 ba |
| 102 ## - Pais de publicação ou produção | |
| País de publicação | Portugal |
| 101 0# - Língua de publicação | |
| Língua do texto, banda sonora, etc. | Português |
| Língua do documento no original | Português |
| 106 ## - Campo de dados codificados: material textual | |
| Dados codificados do material textual | r |
| 105 ## - Campo de dados codificados: livros | |
| Dados codificados dos livros | a z 001yy |
| 215 ## - Descrição física | |
| Indicação específica da natureza do documento e extensão da espécie | p. 98 |
| Dimensões | cm |
| 200 1# - Titulo e menção de responsabilidade | |
| Título próprio | A Constituição da República Portuguesa trocada por [para] miúdos |
| Primeira menção de responsabilidade | Leonor Baeta Neves |
| Outras menções de responsabilidade | il. Pedro Proença |
| 205 ## - Menção da edição | |
| Menção da edição | 2ª ed. |
| 210 ## - Publicação, Distribuição, etc. | |
| Lugar da edição, distribuição, etc. | Lisboa |
| Nome do editor, distribuidor, etc. | Assembleia da República |
| Data da publicação, distribuição, etc. | 2003 |
| 304 ## - Notas relativas a título e menção de responsabilidade | |
| Texto da nota | Tít. orig.: |
| 675 ## - Classificação Decimal Universal (CDU) | |
| Notação | 342.4(469)(0.053.2) |
| Edição | BN |
| Língua da edição | por |
| 701 #1 - Nome de autor-pessoa física (co-responsabilidade principal) | |
| Palavra de ordem | Proença |
| Outra parte do nome não tomada para palavra de ordem | Pedro |
| 700 #1 - Nome de autor-pessoa física (responsabilidade principal) | |
| Número de registo de entrada de autoridade | 0001186 |
| Palavra de ordem | Neves |
| Outra parte do nome não tomada para palavra de ordem | Leonor Baeta |
| 942 ## - Elementos de entrada adicionados (Koha) | |
| Tipo de item no Koha | Livro |
| Situação do levantamento | Origin of item (home branch) (coded) | Biblioteca de empréstimo | Código de barras | Cota | Circulation type (not for loan) | Tipo de documento | Nota do exemplar | Damaged status |
|---|---|---|---|---|---|---|---|---|
| Biblioteca Escolar Eng. Nuno Mergulhão | Biblioteca Escolar Eng. Nuno Mergulhão | BENM1638 | 342 NEV | Livro | Sem mensagem |
